UBT Library

Drug Guide for Nurses (Record no. 53928)

000 -LEADER
fixed length control field 00297nam a22001337a 4500
008 - FIXED-LENGTH DATA ELEMENTS--GENERAL INFORMATION
fixed length control field 190204b xxu||||| |||| 00| 0 eng d
020 ## - INTERNATIONAL STANDARD BOOK NUMBER
International Standard Book Number 9780323081047
041 ## - LANGUAGE CODE
Language code of text/sound track or separate title eng
080 ## - UNIVERSAL DECIMAL CLASSIFICATION NUMBER
Edition identifier 9th
Universal Decimal Classification number 610.73
100 ## - Rafti
Rafti 2
101 ## - Shkurtesa
Shkurtesa INF
245 ## - TITLE STATEMENT
Title Drug Guide for Nurses
Statement of responsibility, etc Roth, L.S
942 ## - ADDED ENTRY ELEMENTS (KOHA)
Source of classification or shelving scheme
Item type Books
Holdings
Withdrawn status Lost status Source of classification or shelving scheme Damaged status Not for loan Collection code Permanent location Current location Shelving location Date acquired Total Checkouts Full call number Barcode Date last seen Price effective from Koha item type
          Koleksioni i përgjithshem UBT - Lipjan UBT - Lipjan Koleksioni i përgjithshem 02/04/2019   610.73 ROTH 002-3021478 02/04/2019 02/04/2019 Books
UBT Library © 2015-2024. All rights reserved University Education for Business and Technology